Význam predmetu "Účtovníctvo spoločnosti a družstiev" vo vzdelávacom procese na Ekonomickej univerzite v Bratislave

Salvato in:
Dettagli Bibliografici
Autore principale: Máziková, Katarína
Natura: Capitolo di libro
Lingua:slovacco
Tags: Aggiungi Tag
Nessun Tag, puoi essere il primo ad aggiungerne!!

MARC

LEADER 00000naa$a2200000$$$4500
001 0118160
005 20240502083308.5
041 0 |a slo 
044 |a CZ 
245 1 0 |a Význam predmetu "Účtovníctvo spoločnosti a družstiev" vo vzdelávacom procese na Ekonomickej univerzite v Bratislave  |c Katarína Máziková 
100 1 |a Máziková, Katarína